Dôležitosť stabilizácie výmenného kurzu sýrskej libry pri dosahovaní ekonomickej stability v Sýrii

Ekonomické dopady zmien a výkyvov reálneho výmenného kurzu sýrskej libry na najdôležitejšie makroekonomické ukazovatele sýrskej ekonomiky v období rokov 1961-2020. Stabilizácia reálneho výmenného kurzu sýrskej libry a ekonomická stabilita a ekonomický rast v Sýrii.

Gespeichert in:
Bibliographische Detailangaben
1. Verfasser: Mkiyes, Hussein, 1996-
Format: Buchkapitel
Sprache:Englisch
Schlagworte:
Tags: Tag hinzufügen
Keine Tags, Fügen Sie das erste Tag hinzu!

MARC

LEADER 00000naa$a2200000$$$4500
001 0280705
005 20240502074346.8
041 0 |a eng 
044 |a SK 
245 1 0 |a Dôležitosť stabilizácie výmenného kurzu sýrskej libry pri dosahovaní ekonomickej stability v Sýrii  |c Hussein Mkiyes 
520 |a Ekonomické dopady zmien a výkyvov reálneho výmenného kurzu sýrskej libry na najdôležitejšie makroekonomické ukazovatele sýrskej ekonomiky v období rokov 1961-2020. Stabilizácia reálneho výmenného kurzu sýrskej libry a ekonomická stabilita a ekonomický rast v Sýrii. 
610 2 0 |a stabilita hospodárstva 
610 2 0 |a kurz výmenný 
610 2 0 |a libra 
610 2 0 |a rast hospodársky 
610 2 0 |a ukazovatele makroekonomické 
610 2 0 |a Sýria 
100 1 |a Mkiyes, Hussein, 1996-